000 00722nam a2200193 i 4500
001 107677
003 ES-MaACL
005 20230906184452.0
007 t|
008 061121s1934 py r ||||1| spa d
100 1 _aMoreno, Fulgencio R.
_983279
245 1 0 _aParaguay-Bolivia, cuestión de límites
_b: memorandums del Plenipotenciario del Paraguay sobre el carácter y alcance del "diferendo y el uti possidetis de 1810" /
_cFulgencio R. Moreno.
260 _aAsunción :
_b[s.n.],
_c1934 (
_fImpr. Nacional)
300 _a81 p. ;
_c23 cm.
651 4 _aParaguay-
_xFronteras-
_zBolivia.
_9152860
651 4 _aBolivia-
_xFronteras-
_zParaguay.
_9152861
852 _aES-MaACL
_j1773-F-13
852 _aES-MaACL
_j1803-F-6
999 _c107677
_d107677